Los límites de la vida: una novela sobre lo que somos
Guardat en:
| Autor principal: | |
|---|---|
| Altres autors: | , |
| Format: | Llibre |
| Idioma: | espanyol |
| Publicat: |
Barcelona, España
La Galera
2014
|
| Matèries: | |
| Etiquetes: |
Afegir etiqueta
Sense etiquetes, Sigues el primer a etiquetar aquest registre!
|
MARC
| LEADER | 00000cam a2200000 a 4500 | ||
|---|---|---|---|
| 001 | UCC0388 | ||
| 003 | CL-VaPUC | ||
| 005 | 20220427074657.0 | ||
| 008 | 170811e20140000sp |||||||||||||||||spa|d | ||
| 999 | |c 369239 |d 369237 | ||
| 020 | |a 9788424649623 | ||
| 040 | |c Pontificia Universidad Católica de Valparaíso | ||
| 082 | 0 | 4 | |a 863 BUE 2014 |2 21 |
| 100 | 0 | |a Bueno Torrens, David |9 594335 | |
| 245 | 1 | 4 | |a Los límites de la vida: una novela sobre lo que somos |
| 260 | 0 | 3 | |a Barcelona, España |b La Galera |c 2014 |
| 300 | |a 280 páginas | ||
| 583 | |a last modification |c 20170811 15:21:00 |k Rodrigo Vera | ||
| 650 | 0 | |a Novelas españolas |9 265052 | |
| 650 | 0 | |a Literatura española |9 306261 | |
| 700 | 0 | |a Macip, Salvador |9 594336 | |
| 700 | 0 | |a Martorell i Sabaté, Eduard |9 594337 | |
| 942 | |c BK |2 ddc | ||
| 945 | |d 20170811 15:21:00 |a dcastane | ||